Kredite und Kreditsicherheiten der GmbH zugunsten ihrer Gesellschafter und nahestehender Dritter : eine Studie zu [paragraphen] 30, 43a GmbHG
Αποθηκεύτηκε σε:
| Κύριος συγγραφέας: | |
|---|---|
| Μορφή: | Βιβλίο |
| Γλώσσα: | German |
| Δημοσίευση: |
Heidelberg :
R.v.Decker,
c1996
|
| Σειρά: | Hamburger Beitrge zum Handels-, Schiffahrts- und Wirtschaftsrecht ;
; 24 |
| Θέματα: | |
| Ετικέτες: |
Προσθήκη ετικέτας
Δεν υπάρχουν, Καταχωρήστε ετικέτα πρώτοι!
|
MARC
| LEADER | 00000cam a2200000 i 4500 | ||
|---|---|---|---|
| 001 | 1/41304 | ||
| 008 | 070216s1996 ger d | ||
| 020 | |a 3-7685-1895-7 | ||
| 035 | |l 10087049 | ||
| 040 | |a GR-MY-UA |b gre |e aacr | ||
| 041 | 0 | |a ger | |
| 082 | 0 | |a 346.073 |2 (22) | |
| 100 | 1 | |a Σωτηρόπουλος, Γεώργιος. | |
| 245 | 1 | 0 | |a Kredite und Kreditsicherheiten der GmbH zugunsten ihrer Gesellschafter und nahestehender Dritter : |b eine Studie zu [paragraphen] 30, 43a GmbHG / |c Georgios Sotiropoulos |
| 260 | |a Heidelberg : |b R.v.Decker, |c c1996 | ||
| 300 | |a xvii,127 σ.; |c 23 εκ. | ||
| 490 | 1 | |a Hamburger Beitrge zum Handels-, Schiffahrts- und Wirtschaftsrecht |v ; 24 | |
| 504 | |a Περιλαμβάνει βιβλιογραφικές αναφορές και ευρετήριο | ||
| 650 | 0 | 0 | |a Private companies |z Germany. |
| 650 | 0 | 0 | |a Loans |x Law and legislation |z Germany. |
| 650 | 0 | 0 | |a Securities |z Germany. |
| 650 | 0 | 0 | |a Stockholders |x Legal status, laws, etc. |
| 830 | 0 | |a Hamburger Beitrge zum Handels-, Schiffahrts- und Wirtschaftsrecht ; |v ; 24 | |
| 852 | |a INST |b CHIOS |e 20070216 |h 346.073 ΣΩΤ |p 005200029073 |q 005200029073 |t BK |y 0 | ||
| 901 | |a BIBL2-2007-1 | ||
| 909 | |a Χ |b 130869 | ||
| 970 | |a ΒΑΣΙΛΑΚΗ |b ΝΙΚΗ |z 2007/02/16 | ||